| 000 | 02103nam a2200277Ia 4500 | ||
|---|---|---|---|
| 999 |
_c51653 _d51653 |
||
| 001 | 18644 | ||
| 003 | GE_BSU | ||
| 005 | 20210525132612.0 | ||
| 008 | 181216s2005||||ge |||||||||||||| ||geo|| | ||
| 040 | _cGE_BSU | ||
| 041 | _ageo | ||
| 080 | _a39 მ-25 | ||
| 100 |
_aმამულაძე, ნანა _910466 |
||
| 245 |
_aეროვნული ტრადიციები, როგორც აღზრდის საშუალება (აჭარაში დაცული ეთნოგრაფიული და ფოლკლორული მასალების მიხედვით) / _cნანა მამულაძე; სამეცნიერო ხელმძღვანელი თ.კარანაძე, ი.ბიბილეიშვილი; ბათუმის შოთა რუსთაველის სახელმწიფო უნივერსიტეტი. |
||
| 264 |
_aბათუმი, _b _c2005. |
||
| 300 |
_a163 გვ.; _b30 სმ. |
||
| 504 | _aბიბლიოგრ.: გვ. 149-163 | ||
| 653 | _aდისერტაცია | ||
| 653 | _aეთნოგრაფია. ეთნოლოგია | ||
| 653 | _aბავშვის აღზრდის ხალხური ტრადიციები საქართველოში | ||
| 653 | _aეროვნული ტრადიციები,როგორც აღზრდის საშუალება (აჭარაში დაცული ეთნოგრაფიული და ფოლკლორული მასალების მიხედვით) | ||
| 700 |
_aკარანაძე, თ. _eსამეცნიერო ხელმძღვანელი _99960 |
||
| 700 |
_aბიბილეიშვილი, ი. _eსამეცნიერო ხელმძღვანელი _93836 |
||
| 710 |
_aბათუმის შოთა რუსთაველის სახელმწიფო უნივერსიტეტი _911888 |
||
| 942 |
_cBK _2udc |
||